000 00567nam a2200205Ia 4500
003 BUBTL
008 151213s9999 xx 000 0 und d
020 _a0-394-31456-5
082 _a380/BES
100 _aC.Berensoh
_93150
245 _aThe Social Dynamics of marketing
_cC.Berensoh
260 _aToronto
_bRandom House
_cc1973
300 _a[xiii] , 409p . :
_bill . ; 23cm.
650 _aMarketing
_93151
650 _aMarketing
_93151
700 _aC.Berensoh
_93150
856 _k0
_l0
_yDownload
942 _2ddc
_cBK
999 _c1891
_d1891